Trhy nadále klesají
Recesia definovaná ako pokles HDP v dvoch po sebe idúcich štvrťrokoch je realitou nielen v ISA, ale aj v Európe. Zníženie úrokových sadzieb. Výkonnosť ekonomík klesá. Klesajú ceny komodít. Vybrané akcie a ich vplyv na svetové burzy. Vývoj hlavných svetových akciových indexov. Najlepšie fondy v roku...
Uložené v:
| Hlavný autor: | |
|---|---|
| Médium: | Kapitola |
| Jazyk: | Czech |
| Predmet: | |
| Tagy: |
Žiadne tagy, Buďte prvý, kto otaguje tento záznam!
|
MARC
| LEADER | 00000naa$a2200000$$$4500 | ||
|---|---|---|---|
| 001 | 0088772 | ||
| 005 | 20230804110907.6 | ||
| 041 | 0 | |a cze | |
| 044 | |a CZ | ||
| 245 | 1 | 0 | |a Trhy nadále klesají |c Marek Hatlapatka |
| 520 | |a Recesia definovaná ako pokles HDP v dvoch po sebe idúcich štvrťrokoch je realitou nielen v ISA, ale aj v Európe. Zníženie úrokových sadzieb. Výkonnosť ekonomík klesá. Klesajú ceny komodít. Vybrané akcie a ich vplyv na svetové burzy. Vývoj hlavných svetových akciových indexov. Najlepšie fondy v roku 2008. | ||
| 610 | 2 | 0 | |a Európa |
| 610 | 2 | 0 | |a USA |
| 610 | 2 | 0 | |a recesia |
| 610 | 2 | 0 | |a výkonnosť ekonomiky |
| 610 | 2 | 0 | |a indexy burzové |
| 100 | 1 | |a Hatlapatka, Marek | |